| 000 | 00805nam a2200241 i 4500 | ||
|---|---|---|---|
| 001 | 172497 | ||
| 003 | ES-MaACL | ||
| 005 | 20250808084938.0 | ||
| 008 | 090713s1992 sp |||| | spa d | ||
| 017 | _aM 40362-1992 | ||
| 020 | _a84-8004-061-0 | ||
| 080 | _a347(460)(075.8) | ||
| 100 | 0 |
_aO'Callaghan Muñoz, Xavier. _986296 |
|
| 245 | 1 | 0 |
_aIntroducción al Derecho y Derecho Civil Patrimonial / _cXavier O'Callaghan Muñoz, Antonio Pedreira. |
| 260 |
_aMadrid : _bCentro de Estudios Ramón Areces, _c[1992] |
||
| 300 |
_a2 v. ; _c21 cm. |
||
| 490 | 1 | _aColección Ceura | |
| 650 | 0 | 4 |
_aDerecho civil- _zEspaña _911659 |
| 700 | 1 |
_aPedreira Andrade, Antonio. _9141040 |
|
| 830 | 0 |
_aColección Ceura _9223343 |
|
| 852 |
_aES-MaACL _jE-12814-15 _9R.143576 |
||
| 999 |
_c172497 _d172497 |
||